<?xml version="1.0" encoding="UTF-8"?>
<record
    xmlns:xsi="http://www.w3.org/2001/XMLSchema-instance"
    xsi:schemaLocation="http://www.loc.gov/MARC21/slim http://www.loc.gov/standards/marcxml/schema/MARC21slim.xsd"
    xmlns="http://www.loc.gov/MARC21/slim">

  <leader>01106nam a2200325 a 4500</leader>
  <datafield tag="999" ind1=" " ind2=" ">
    <subfield code="c">835</subfield>
    <subfield code="d">835</subfield>
  </datafield>
  <controlfield tag="005">20200104041515.0</controlfield>
  <controlfield tag="008">140224b1996    ck ||||| |||| 00| 0 spa d</controlfield>
  <datafield tag="040" ind1=" " ind2=" ">
    <subfield code="a">CO-BoIAVH</subfield>
    <subfield code="c">CO-BoIAVH</subfield>
  </datafield>
  <datafield tag="041" ind1=" " ind2=" ">
    <subfield code="a">spa</subfield>
  </datafield>
  <datafield tag="044" ind1=" " ind2=" ">
    <subfield code="a">ck</subfield>
  </datafield>
  <datafield tag="090" ind1=" " ind2=" ">
    <subfield code="a">FG-</subfield>
    <subfield code="b">0259</subfield>
  </datafield>
  <datafield tag="100" ind1="1" ind2=" ">
    <subfield code="a">Calle, Zoraida</subfield>
  </datafield>
  <datafield tag="110" ind1=" " ind2=" ">
    <subfield code="a">Fundacion FES</subfield>
  </datafield>
  <datafield tag="245" ind1=" " ind2=" ">
    <subfield code="a">La Planada: el imperio de las Ep&#xED;fitas:</subfield>
    <subfield code="b">Gu&#xED;a para el Sendero Natural El Tej&#xF3;n, Reserva Natural La Planada</subfield>
  </datafield>
  <datafield tag="260" ind1=" " ind2=" ">
    <subfield code="a">Cali:</subfield>
    <subfield code="b">Fundaci&#xF3;n FES, </subfield>
    <subfield code="c">1996.</subfield>
  </datafield>
  <datafield tag="300" ind1=" " ind2=" ">
    <subfield code="a">folleto plegable</subfield>
    <subfield code="b">ilustraciones y fotografias</subfield>
    <subfield code="c">14 x 22 cm</subfield>
  </datafield>
  <datafield tag="650" ind1=" " ind2=" ">
    <subfield code="a">Epifitismo</subfield>
  </datafield>
  <datafield tag="650" ind1=" " ind2=" ">
    <subfield code="a">Bosque nublado</subfield>
  </datafield>
  <datafield tag="650" ind1=" " ind2=" ">
    <subfield code="a">Interacci&#xF3;n planta-animal</subfield>
  </datafield>
  <datafield tag="650" ind1=" " ind2=" ">
    <subfield code="a">Conservaci&#xF3;n de biodiversidad</subfield>
  </datafield>
  <datafield tag="662" ind1=" " ind2=" ">
    <subfield code="a">Colombia</subfield>
    <subfield code="c">Reserva Natural La Planada</subfield>
    <subfield code="b">Nari&#xF1;o</subfield>
  </datafield>
  <datafield tag="700" ind1="1" ind2=" ">
    <subfield code="a">Bello, Juan Carlos</subfield>
  </datafield>
  <datafield tag="700" ind1="1" ind2=" ">
    <subfield code="a">Valderrama A., Carlos</subfield>
  </datafield>
  <datafield tag="700" ind1="1" ind2=" ">
    <subfield code="a">Mendoza Cifuentes, Humberto</subfield>
  </datafield>
  <datafield tag="700" ind1="1" ind2=" ">
    <subfield code="a">Qualman, Sarah</subfield>
  </datafield>
  <datafield tag="700" ind1="1" ind2=" ">
    <subfield code="a">Escobar G., Pilar</subfield>
  </datafield>
  <datafield tag="700" ind1="1" ind2=" ">
    <subfield code="a">Am&#xE9;zquita, Pilar</subfield>
  </datafield>
  <datafield tag="700" ind1="1" ind2=" ">
    <subfield code="a">R&#xED;os, Constanza</subfield>
  </datafield>
  <datafield tag="942" ind1=" " ind2=" ">
    <subfield code="c">Folleto</subfield>
    <subfield code="2">z</subfield>
  </datafield>
  <datafield tag="952" ind1=" " ind2=" ">
    <subfield code="0">0</subfield>
    <subfield code="1">0</subfield>
    <subfield code="2">z</subfield>
    <subfield code="4">0</subfield>
    <subfield code="7">0</subfield>
    <subfield code="8">HEMEROTECA</subfield>
    <subfield code="a">Bogota</subfield>
    <subfield code="b">Bogota</subfield>
    <subfield code="d">2017-06-05</subfield>
    <subfield code="l">0</subfield>
    <subfield code="o">FG-0259</subfield>
    <subfield code="p">041345</subfield>
    <subfield code="r">2017-06-05 00:00:00</subfield>
    <subfield code="t">Ej. 1</subfield>
    <subfield code="w">2017-06-05</subfield>
    <subfield code="x">Donacion</subfield>
    <subfield code="y">Folleto</subfield>
  </datafield>
  <datafield tag="952" ind1=" " ind2=" ">
    <subfield code="0">0</subfield>
    <subfield code="1">0</subfield>
    <subfield code="2">z</subfield>
    <subfield code="4">0</subfield>
    <subfield code="7">0</subfield>
    <subfield code="8">HEMEROTECA</subfield>
    <subfield code="a">Bogota</subfield>
    <subfield code="b">Bogota</subfield>
    <subfield code="d">2018-03-12</subfield>
    <subfield code="l">0</subfield>
    <subfield code="o">FG-0259</subfield>
    <subfield code="p">041402</subfield>
    <subfield code="r">2018-03-12 00:00:00</subfield>
    <subfield code="t">Ej. 2</subfield>
    <subfield code="w">2018-03-12</subfield>
    <subfield code="x">Donacion</subfield>
    <subfield code="y">Folleto</subfield>
  </datafield>
</record>
